Expansión nacional (Record no. 133191)

MARC details
000 -LEADER
campo de control de longitud fija 00421nam a2200145 4500
001 - NÚMERO DE CONTROL
campo de control 133191
003 - IDENTIFICADOR DE NÚMERO DE CONTROL
campo de control ES-MaACL
005 - FECHA Y HORA DE LA ÚLTIMA TRANSACCIÓN
campo de control 20230906194338.0
007 - CAMPO FIJO DE DESCRIPCIÓN FÍSICA--INFORMACIÓN GENERAL
campo de control de longitud fija t|
008 - DATOS DE LONGITUD FIJA--INFORMACIÓN GENERAL
campo de control de longitud fija 070214s1906 po r ||||1| spa d
100 1# - ENTRADA PRINCIPAL--NOMBRE DE PERSONA
Nombre de persona Rubio Amoedo, Luis.
9 (RLIN) 100383
245 10 - MENCIÓN DEL TÍTULO
Título Expansión nacional
Resto del título : proyecto de Escuela Española en Lisboa /
Mención de responsabilidad, etc. Luis Rubio Amoedo.
260 ## - PUBLICACIÓN, DISTRIBUCIÓN, ETC.
Lugar de publicación, distribución, etc. Lisboa :
Nombre del editor, distribuidor, etc. [s. n.],
Fecha de publicación, distribución, etc. 1906.
852 ## - LOCALIZACIÓN
Ubicación ES-MaACL
Número de control de estantería T-1065-F-3
Holdings
Estatus retirado Estado de pérdida Estado de daño No para préstamo Colección Biblioteca de origen Biblioteca actual Ubicación en estantería Fecha de adquisición Fuente de adquisición Total de préstamos Signatura topográfica completa Código de barras Visto por última vez Precio de reemplazo Tipo de ítem Koha
        Colección de folletos Biblioteca del Ateneo de Madrid Biblioteca del Ateneo de Madrid Depósito folletos 17/01/2008     T-1065-F-3 1138657 23/02/2023 23/02/2023 Folleto